| 000 | 00988cam a2200277 4500 | ||
|---|---|---|---|
| 001 | 1715151 | ||
| 003 | NUST-PNEC | ||
| 005 | 20170116180710.0 | ||
| 008 | 721106s1973 nyua b 000 0 eng | ||
| 010 | _a 72011529 | ||
| 020 | _a0070535760 | ||
| 040 | _cPNEC | ||
| 050 | 0 | 0 |
_aQC320 _b.H23 1973 |
| 082 | 0 | 0 |
_a621.4022 ROH _219 |
| 100 |
_9499 _aRohsenow, Warren M. |
||
| 245 | 0 | 0 |
_aHandbook of heat transfer. _cEdited by Warren M. Rohsenow [and] J.P. Hartnett. |
| 260 |
_aNew York, _bMcGraw-Hill _c[c1973] |
||
| 300 |
_a1 v. (various pagings) _billus. _c23 cm. |
||
| 500 | _aIncludes Index http://www.amazon.com/Handbook-heat-transfer-Warren-Rohsenow/dp/0070535760/ref=sr_1_1?s=books&ie=UTF8&qid=1412234736&sr=1-1&keywords=0070535760 | ||
| 504 | _aIncludes bibliographies. | ||
| 650 | 0 |
_aHeat _xTransmission _xME |
|
| 700 | 1 | _aRohsenow, Warren M. | |
| 700 | 1 |
_aHartnett, J. P. _q(James P.), _ejoint author. |
|
| 906 |
_a7 _bcbc _corignew _d1 _eocip _f19 _gy-gencatlg |
||
| 942 |
_2ddc _cBK |
||
| 999 |
_c60898 _d60898 |
||